[Event "34th Chess Olympiad (women)"]
[Site "Istanbul"]
[Date "2000.11.12"]
[Round "14.2.1"]
[White "Arribas, Maritza"]
[Black "Ioseliani, Nana"]
[WhiteElo "2300"]
[BlackElo "2476"]
[WhiteCountry "CUB"]
[BlackCountry "GEO"]
[Result "0-1"]

1. e4 c5 2. Nf3 e6 3. Nc3 a6 4. g3 Nc6 5. Bg2 d6 6. O-O Nf6 7. d4 cxd4 
8. Nxd4 Bd7 9. Nxc6 Bxc6 10. Re1 Be7 11. e5 dxe5 12. Bxc6+ bxc6 13. Rxe5 O-O 
14. Qf3 Nd5 15. Re2 Rb8 16. Ne4 f5 17. Nd2 Rf6 18. Nc4 f4 19. Qe4 Qe8 
20. Bxf4 Nxf4 21. gxf4 Qh5 22. Rae1 Rbf8 23. f3 Kh8 24. Qxc6 Rxf4 25. Nd2 Bh4 
26. Rf1 R4f6 27. Rg2 Bg5 28. Qb7 Rg6 29. f4 Bxf4 30. Kh1 e5 31. c4 h6 
32. Qe4 Rxg2 33. Qxg2 Rd8 34. Ne4 Rd1 35. Kg1 Rxf1+ 36. Kxf1 Qd1+ 37. Kf2 Qc2+ 
38. Kf3 Qxc4 39. b3 Qd3+ 40. Kg4 Qd1+ 41. Kf5 Qd7+ 42. Kg6 Qe6+ 43. Kh5 Qf5+ 
44. Kh4 g5+ 45. Kh5 Kg7 46. b4 Be3 47. a4 Qf7+ 
0-1

[Event "34th Chess Olympiad (women)"]
[Site "Istanbul"]
[Date "2000.11.12"]
[Round "14.2.2"]
[White "Khurtsidze, Nino"]
[Black "Ramon, Vivian"]
[WhiteElo "2481"]
[BlackElo "2294"]
[WhiteCountry "GEO"]
[BlackCountry "CUB"]
[Result "1-0"]

1. c4 Nf6 2. Nc3 d5 3. cxd5 Nxd5 4. Nf3 c5 5. g3 Nc6 6. Bg2 e5 7. Nxe5 Nxc3 
8. Nxc6 Nxd1 9. Nxd8 Nxf2 10. Nxf7 Nd3+ 11. exd3 Kxf7 12. O-O+ Ke8 13. b3 a5 
14. Bb2 Ra6 15. Rae1+ Kd8 16. Rf7 Be6 17. Rxb7 Rg8 18. Bc3 Bc8 19. Rb5 a4 
20. bxa4 Rxa4 21. Bd5 Rh8 22. Ba5+ Kd7 23. Bb3 Ra3 24. Be6+ Kc6 25. Rb6+ Kc7 
26. Ra6+ Kb7 27. Bc4 Bf5 28. Rb1+ Kc8 29. Ra8+ Kd7 30. Rb7+ Kd6 31. Rb6+ Ke7 
32. Ra7+ 
1-0

[Event "34th Chess Olympiad (women)"]
[Site "Istanbul"]
[Date "2000.11.12"]
[Round "14.3.3"]
[White "Matveeva, Svetlana"]
[Black "Koglin, Anke"]
[WhiteElo "2440"]
[BlackElo "2302"]
[WhiteCountry "RUS"]
[BlackCountry "GER"]
[Result "1-0"]

1. d4 d5 2. c4 e6 3. Nc3 Be7 4. cxd5 exd5 5. Bf4 c6 6. e3 Bd6 7. Bg3 Ne7 
8. Nf3 O-O 9. Qc2 Bf5 10. Qb3 Nc8 11. Nh4 Bg6 12. Nxg6 hxg6 13. Bd3 Qb6 
14. Qc2 Nd7 15. O-O-O Nf6 16. f3 Rd8 17. Bf2 Ne7 18. Kb1 Rac8 19. e4 dxe4 
20. fxe4 Ng4 21. Qe2 Nxf2 22. Qxf2 Rc7 23. Rhf1 Rf8 24. Bc4 Nc8 25. e5 Bb4 
26. Ne4 
1-0

[Event "34th Chess Olympiad (women)"]
[Site "Istanbul"]
[Date "2000.11.12"]
[Round "14.4.1"]
[White "Peng, Zhaoqin"]
[Black "Foisor, Cristina Adela"]
[WhiteElo "2403"]
[BlackElo "2386"]
[WhiteCountry "NED"]
[BlackCountry "ROM"]
[Result "1/2-1/2"]

1. d4 g6 2. Nf3 Bg7 3. c4 d6 4. Nc3 Nd7 5. e4 e5 6. Be2 c6 7. O-O f6 8. b4 Nh6 
9. Qb3 Nf7 10. c5 dxc5 11. dxe5 Ndxe5 12. Nxe5 Nxe5 13. b5 Bd7 14. Bb2 Qe7 
15. bxc6 bxc6 16. Na4 Be6 17. Qc2 Nd7 18. Ba3 Kf7 19. Rad1 Rhd8 20. f4 Kg8 
21. f5 gxf5 22. exf5 Bd5 23. Kh1 Kh8 24. Bf3 Ne5 25. Bxc5 Qc7 26. Bxd5 cxd5 
27. Qd2 Qc6 28. Qd4 Rd7 29. Nb2 Rc8 30. Bb4 Qb5 31. a4 Qe2 32. Rf2 Qh5 
33. h3 Rg8 34. Bd2 Rb8 35. Re1 Rb3 36. Bf4 h6 37. Qc5 Rd8 38. Qc7 Rg8 
39. Bxe5 fxe5 40. Qc2 Rg3 41. Qc6 e4 42. f6 Rxh3+ 43. gxh3 Qxh3+ 44. Rh2 Qf3+ 
45. Rg2 Bxf6 46. Qc2 Be5 47. Qf2 Qh3+ 48. Kg1 Qh2+ 49. Kf1 Qh1+ 50. Rg1 Rxg1+ 
51. Qxg1 Qxg1+ 52. Kxg1 Bxb2 53. Rb1 Bd4+ 54. Kg2 a5 55. Rb5 Bc3 56. Rxd5 e3 
57. Kf3 Bd2 58. Rd7 Kg8 59. Ke4 
1/2-1/2

[Event "34th Chess Olympiad (women)"]
[Site "Istanbul"]
[Date "2000.11.12"]
[Round "14.4.2"]
[White "Cosma, Elena Luminita"]
[Black "Sziva, Erika"]
[WhiteElo "2360"]
[BlackElo "2311"]
[WhiteCountry "ROM"]
[BlackCountry "NED"]
[Result "1/2-1/2"]

1. d4 Nf6 2. Nf3 g6 3. g3 Bg7 4. Bg2 O-O 5. O-O d6 6. b3 e5 7. dxe5 dxe5 
8. Ba3 Qxd1 9. Rxd1 Re8 10. Nc3 e4 11. Nd4 c6 12. e3 Nbd7 13. h3 Nf8 14. Rd2 h6 
15. Rad1 N8h7 16. Nce2 Ng5 17. Nf4 h5 18. c4 Nd7 19. h4 Nh7 20. Nde2 Nhf8 
21. Bd6 Nf6 22. Bh3 Ng4 23. Bg2 Nf6 24. Bh3 Ng4 25. Bg2 
1/2-1/2

[Event "34th Chess Olympiad (women)"]
[Site "Istanbul"]
[Date "2000.11.12"]
[Round "14.4.3"]
[White "Lanchava, Tea"]
[Black "Ionescu-Brandis, Irina"]
[WhiteElo "2000"]
[BlackElo "2304"]
[WhiteCountry "NED"]
[BlackCountry "ROM"]
[Result "1/2-1/2"]

1. d4 d5 2. c4 c6 3. cxd5 cxd5 4. Nc3 Nf6 5. Bf4 Nc6 6. Nf3 a6 7. Rc1 Bf5 
8. e3 e6 9. Qb3 Ra7 10. Ne5 Be7 11. Nxc6 bxc6 12. Be2 O-O 13. O-O Qa5 
14. Na4 Ne4 15. Qb6 Qxb6 16. Nxb6 g5 17. Be5 f6 18. Bg3 c5 19. dxc5 Bxc5 
20. Na4 Be7 21. Bc7 Bd8 22. Bxd8 Rxd8 23. g4 Bg6 24. Rcd1 Be8 25. Nc3 Nxc3 
26. bxc3 Rc8 27. Rc1 Bb5 28. Rfe1 Bxe2 29. Rxe2 Rc4 30. h3 Rac7 31. Rec2 e5 
32. Kf1 Kf7 33. Ke2 Ke6 34. Rb2 R7c6 35. Kd3 f5 36. gxf5+ Kxf5 37. Rb8 Rh4 
38. Rf8+ Ke6 39. Rg8 Kf6 40. Rf8+ Ke6 41. Rg8 h6 42. Rb1 Kd6 43. Rg6+ Kc5 
44. Rxc6+ Kxc6 45. Rb8 Ra4 46. Rh8 e4+ 47. Kc2 Rxa2+ 48. Kb3 Rxf2 49. Rxh6+ Kc5 
50. Rxa6 Rf3 51. Rg6 Rxh3 52. Rxg5 Rxe3 53. Re5 Re2 54. Re8 Rh2 55. Rc8+ Kd6 
56. Re8 Rh6 57. c4 Rh3+ 58. Kb4 Rh5 59. cxd5 Kxd5 60. Rd8+ Ke5 61. Kc3 Rh2 
62. Rf8 Ra2 63. Rf7 Ra6 64. Kd2 Rd6+ 65. Ke2 Kd4 66. Ra7 Rd5 67. Ra4+ Ke5 
68. Ra8 Rb5 
1/2-1/2

[Event "34th Chess Olympiad (women)"]
[Site "Istanbul"]
[Date "2000.11.12"]
[Round "14.5.1"]
[White "Zatonskih, Anna"]
[Black "Calzetta, Monica"]
[WhiteElo "2446"]
[BlackElo "2282"]
[WhiteCountry "UKR"]
[BlackCountry "ESP"]
[Result "1-0"]

1. e4 c5 2. Nf3 d6 3. d4 cxd4 4. Nxd4 Nf6 5. Nc3 g6 6. Be3 Bg7 7. f3 Nc6 
8. Qd2 Bd7 9. g4 h5 10. g5 Nh7 11. O-O-O Rc8 12. Kb1 Nxg5 13. Nxc6 Rxc6 
14. Bxg5 Rxc3 15. Bxe7 Qb6 16. Bxd6 Rxf3 17. e5 Bh6 18. Qe1 Bc6 19. Bg2 Re3 
20. Bxc6+ bxc6 21. Qh4 g5 22. Qxh5 Qb5 23. Qg4 Qb7 24. Rhf1 Rg8 25. Qd4 g4 
26. Bb4 Bg5 27. Qxg4 c5 28. Bxc5 Re4 29. Qf3 Rg6 30. Bd6 Bh4 31. Qh5 Reg4 
32. h3 R6g5 33. Qh6 
1-0

[Event "34th Chess Olympiad (women)"]
[Site "Istanbul"]
[Date "2000.11.12"]
[Round "14.5.2"]
[White "Hernandez, Yudania"]
[Black "Vasilevich, Tatjana"]
[WhiteElo "2322"]
[BlackElo "2429"]
[WhiteCountry "ESP"]
[BlackCountry "UKR"]
[Result "0-1"]

1. e4 c5 2. d3 Nc6 3. g3 g6 4. Bg2 Bg7 5. f4 e6 6. Nf3 Nge7 7. O-O O-O 8. c3 d6 
9. Be3 Rb8 10. Bf2 b6 11. Nbd2 Ba6 12. Qe2 Qd7 13. Rfe1 Rbe8 14. Rab1 e5 
15. b4 cxb4 16. cxb4 Nd4 17. Nxd4 exd4 18. Nf3 Nd5 19. Qd2 Ne3 20. Bxe3 dxe3 
21. Rxe3 f5 22. Rbe1 Bb7 23. R3e2 Re7 24. Qd1 Kh8 25. Qb3 Rfe8 26. Nd2 fxe4 
27. dxe4 Ba6 28. Re3 Bd4 29. Kh1 Bxe3 30. Qxe3 Bb7 31. h4 Kg8 32. Kh2 Qe6 
33. Qd4 Rf8 34. Bf1 Qf6 35. Qd3 Rc8 36. Nc4 d5 37. e5 Qc6 38. Nd6 Qc2+ 
39. Qxc2 Rxc2+ 40. Re2 Rec7 41. Kg1 Bc8 42. Kf2 Bg4 43. Rxc2 Rxc2+ 44. Ke3 Kf8 
45. b5 Rxa2 46. Kd4 Rd2+ 47. Ke3 Rd1 48. Kf2 Ke7 49. h5 Kf8 50. h6 Ke7 
51. Bg2 Rd2+ 52. Kg1 d4 53. Be4 d3 54. Nc4 Rd1+ 55. Kf2 d2 56. Nb2 Rc1 
57. Bxg6 hxg6 58. h7 Rh1 
0-1

[Event "34th Chess Olympiad (women)"]
[Site "Istanbul"]
[Date "2000.11.12"]
[Round "14.5.3"]
[White "Sedina, Elena"]
[Black "Nieves, Garcia"]
[WhiteElo "2405"]
[BlackElo "2000"]
[WhiteCountry "UKR"]
[BlackCountry "ESP"]
[Result "1-0"]

1. e4 e5 2. Nf3 Nc6 3. Bb5 Nf6 4. d3 d6 5. c3 Bd7 6. O-O g6 7. Re1 Bg7 
8. Bg5 h6 9. Bh4 O-O 10. Nbd2 Ne7 11. Bc4 c6 12. Bb3 Qc7 13. d4 exd4 
14. cxd4 Rae8 15. Nc4 Nh5 16. e5 dxe5 17. Ncxe5 Nd5 18. Rc1 Qd6 19. Nxd7 Qxd7 
20. Qd2 Rxe1+ 21. Rxe1 Re8 22. Ne5 Qf5 23. g4 Qf4 24. Qxf4 Nhxf4 25. Bg3 Bxe5 
26. dxe5 Nd3 27. Re2 Nc1 28. Rd2 Nxb3 29. axb3 g5 30. Kg2 Kg7 31. Kf3 Kg6 
32. Rd1 h5 33. gxh5+ Kxh5 34. h4 g4+ 35. Ke4 Kg6 36. h5+ Kxh5 37. Kf5 Kh6 
38. Kxg4 Kg6 39. Rh1 f5+ 40. Kf3 Rf8 41. Bf4 Rg8 42. Be3 a6 43. Bc5 Rg7 
44. e6 Rh7 45. e7 Nf6 46. Rxh7 Kxh7 47. Kf4 Kg6 48. Ke5 Kf7 49. Kxf5 Nd7 
50. Bd6 Nf6 51. f4 Ng8 52. e8=Q+ Kxe8 53. Kg6 b6 54. Kg7 Kd7 55. Kxg8 Kxd6 
56. Kf7 Kd5 
1-0

[Event "34th Chess Olympiad (women)"]
[Site "Istanbul"]
[Date "2000.11.12"]
[Round "14.6.1"]
[White "Voiska, Margarita"]
[Black "Maric, Alisa"]
[WhiteElo "2330"]
[BlackElo "2435"]
[WhiteCountry "BUL"]
[BlackCountry "YUG"]
[Result "1/2-1/2"]

1. d4 Nf6 2. Nf3 e6 3. c4 b6 4. e3 Bb7 5. Nc3 d5 6. Bd3 Bd6 7. O-O O-O 8. b3 a6 
9. Bb2 Nbd7 10. Rc1 Re8 11. Qc2 c5 12. cxd5 exd5 13. Rfd1 g6 14. Bf1 Qe7 
15. g3 Rac8 16. dxc5 Nxc5 17. Bh3 Rc7 18. Qd2 Ne6 19. Bxe6 fxe6 20. e4 dxe4 
21. Qxd6 Qxd6 22. Rxd6 exf3 23. Rxb6 Rec8 24. Rb4 Bd5 25. Rd4 g5 26. h3 Kf7 
27. Rdd1 Bb7 28. Re1 h5 29. Na4 g4 30. h4 Ne4 31. Nb6 Rxc1 32. Rxc1 Rxc1+ 
33. Bxc1 Nc3 34. Bd2 Nxa2 35. b4 Ke7 36. Na4 Bc6 37. Nc5 Bb5 38. Nb3 Kd6 
39. Nc1 Nxc1 40. Bxc1 Kd5 41. Bg5 e5 42. Bh6 e4 43. Bg5 Kd4 44. Bh6 Kc3 
45. Bf8 Kd3 46. Bh6 Kc3 47. Bf8 
1/2-1/2

[Event "34th Chess Olympiad (women)"]
[Site "Istanbul"]
[Date "2000.11.12"]
[Round "14.6.3"]
[White "Aleksieva, Silvia"]
[Black "Prudnikova, Svetlana"]
[WhiteElo "2351"]
[BlackElo "2425"]
[WhiteCountry "BUL"]
[BlackCountry "YUG"]
[Result "1/2-1/2"]

1. e4 e6 2. d3 c5 3. Nd2 Nc6 4. Ngf3 Nge7 5. g3 g6 6. Bg2 Bg7 7. O-O d5 
8. Re1 b6 9. Nh4 Bb7 10. f4 Qd7 11. exd5 exd5 12. c3 O-O 13. Ndf3 d4 
14. c4 Rae8 15. Bd2 f6 16. Qa4 Bc8 17. Kh1 h6 18. Ng1 g5 19. Ng6 Nxg6 
20. Qxc6 gxf4 21. gxf4 h5 22. b4 Qxc6 23. Bxc6 Rxe1 24. Rxe1 Bf5 25. Be4 Bxe4+ 
26. Rxe4 Bh6 27. Nh3 Kf7 28. Re2 Nh4 29. Rf2 Re8 30. Ng5+ Kg7 31. Ne4 cxb4 
32. Bxb4 f5 33. Ng3 Re3 34. Nxh5+ Kg6 35. Ng3 Rxd3 36. Rd2 Rf3 37. Rxd4 Bxf4 
38. Be7 Bxg3 39. hxg3 Rf1+ 40. Kh2 Nf3+ 41. Kg2 Nxd4 42. Kxf1 Kf7 43. Bg5 Nc6 
44. Ke2 Ne5 45. c5 b5 46. Ke3 Ke6 47. Bd8 Nc6 48. Bg5 a5 49. a3 a4 50. Kd3 Kd5 
51. Be3 Ne5+ 52. Kc3 Nc4 53. Bf2 Nxa3 54. Kb4 Nb1 55. Kxb5 a3 56. c6 a2 
57. c7 a1=Q 58. c8=Q Qb2+ 59. Ka6 Qa2+ 60. Kb7 Qxf2 61. Qc6+ Ke5 62. Qb5+ Kf6 
63. Qxb1 Qxg3 64. Kc6 Qc3+ 65. Kd5 Qe5+ 66. Kc4 Kg5 67. Qg1+ Kh4 68. Qh1+ Kg4 
69. Qd1+ Kg5 70. Qg1+ Kh6 71. Qh1+ Kg7 72. Kd3 Qg3+ 73. Ke2 Kg6 74. Qf3 Qe5+ 
75. Qe3 Qb5+ 76. Kf2 Qa4 77. Qe6+ Kg5 78. Qe7+ Kg6 
1/2-1/2

[Event "34th Chess Olympiad (women)"]
[Site "Istanbul"]
[Date "2000.11.12"]
[Round "14.7.2"]
[White "Mkrtchian, Lilit"]
[Black "Phan-Koshnitsky, Ngan"]
[WhiteElo "2312"]
[BlackElo "2157"]
[WhiteCountry "ARM"]
[BlackCountry "AUS"]
[Result "1-0"]

1. e4 c5 2. Nf3 Nc6 3. d4 cxd4 4. Nxd4 Nf6 5. Nc3 e5 6. Ndb5 d6 7. Bg5 a6 
8. Na3 b5 9. Bxf6 gxf6 10. Nd5 Bg7 11. Bd3 Ne7 12. Nxe7 Qxe7 13. O-O f5 
14. c3 O-O 15. Re1 Rb8 16. Nc2 fxe4 17. Bxe4 f5 18. Bd5+ Kh8 19. Nb4 Qc7 
20. Qe2 Rb6 21. Bb3 Bb7 22. Rad1 a5 23. Nd5 Bxd5 24. Bxd5 e4 25. Qh5 Qe7 
26. f3 b4 27. fxe4 f4 28. Rd3 bxc3 29. bxc3 Rb2 30. Kh1 Be5 31. Qg4 Qg7 
32. Qxg7+ Kxg7 33. Rf3 Rfb8 34. Kg1 Rc2 35. Bb3 Rxc3 36. Rxc3 Bxc3 37. Rd1 Bb4 
38. Kf2 Rf8 39. Kf3 Rf6 40. Rd5 Rh6 41. Rg5+ Rg6 42. Rf5 Rf6 43. Rb5 Rf8 
44. Rb7+ Kg6 45. Be6 Kf6 46. Bd5 Kg6 47. Be6 Kf6 48. Bf5 Rf7 49. Rb5 Rc7 
50. Kg4 h6 51. e5+ dxe5 52. Rb6+ Kf7 53. Rxh6 Rc3 54. Be4 Ra3 55. Kf5 Bf8 
56. Bd5+ Kg7 57. Rf6 Bc5 58. Rf7+ Kh6 59. Rc7 Bf8 60. Bg8 Bg7 61. Rc6+ Kh5 
62. Bf7+ 
1-0

[Event "34th Chess Olympiad (women)"]
[Site "Istanbul"]
[Date "2000.11.12"]
[Round "14.7.3"]
[White "Dekic, Biljana N"]
[Black "Hlgatian, Goar"]
[WhiteElo "2104"]
[BlackElo "2209"]
[WhiteCountry "AUS"]
[BlackCountry "ARM"]
[Result "1/2-1/2"]

1. e4 e6 2. d4 d5 3. e5 b6 4. c3 Qd7 5. a4 a5 6. Nf3 Ba6 7. Bxa6 Nxa6 
8. O-O Ne7 9. Na3 h5 10. Bg5 Ng6 11. Nh4 Nxh4 12. Bxh4 Be7 13. Bxe7 
1/2-1/2

[Event "34th Chess Olympiad (women)"]
[Site "Istanbul"]
[Date "2000.11.12"]
[Round "14.8.2"]
[White "Hahn, Anna"]
[Black "Klink, Tamara"]
[WhiteElo "2257"]
[BlackElo "2336"]
[WhiteCountry "USA"]
[BlackCountry "KAZ"]
[Result "1/2-1/2"]

1. Nf3 Nf6 2. g3 g6 3. Bg2 Bg7 4. O-O O-O 5. c4 d6 6. Nc3 c5 7. Rb1 Nc6 
8. a3 d5 9. cxd5 Nxd5 10. Nxd5 Qxd5 11. d3 b6 12. Ne5 Qxe5 13. Bxc6 Bh3 
14. Re1 Rad8 15. Qa4 Qc7 16. Bf4 e5 17. Be3 f5 18. b4 f4 19. Bc1 Rd6 20. Be4 c4 
21. dxc4 Qxc4 22. Qb3 Qxb3 23. Rxb3 Rfd8 24. f3 fxg3 25. hxg3 Bf5 26. Bg5 Rc8 
27. Bxf5 gxf5 28. e4 fxe4 29. Rxe4 Rc2 30. Re1 h6 31. Be3 Kh7 32. Kf1 e4 
33. fxe4 Be5 34. Bf4 Bxf4 35. gxf4 Rdd2 36. Rf3 Rh2 37. Kg1 Rcg2+ 38. Kf1 Rb2 
39. Kg1 Rbg2+ 40. Kf1 Ra2 41. Kg1 Rag2+ 
1/2-1/2

[Event "34th Chess Olympiad (women)"]
[Site "Istanbul"]
[Date "2000.11.12"]
[Round "14.9.1"]
[White "Hunt, Harriet"]
[Black "Titova-Boric, Elena"]
[WhiteElo "2454"]
[BlackElo "2207"]
[WhiteCountry "ENG"]
[BlackCountry "BIH"]
[Result "1-0"]

1. e4 e6 2. d4 d5 3. Nd2 c5 4. exd5 Qxd5 5. Ngf3 cxd4 6. Bc4 Qd6 7. O-O Nf6 
8. Nb3 Nc6 9. Nbxd4 Nxd4 10. Nxd4 Bd7 11. a4 O-O-O 12. Be3 Qc7 13. Qe2 Bc5 
14. Rfd1 h5 15. h3 Nd5 16. Bxd5 exd5 17. Qf3 g5 18. Bxg5 Rdg8 19. Bf4 Bd6 
20. Nb5 Bxb5 21. Bxd6 Qxd6 22. axb5 Kb8 23. Rxd5 Qb4 24. Qe3 a6 25. Qe5+ 
1-0

[Event "34th Chess Olympiad (women)"]
[Site "Istanbul"]
[Date "2000.11.12"]
[Round "14.9.2"]
[White "Dengler, Dijana"]
[Black "Lalic, Susan"]
[WhiteElo "2120"]
[BlackElo "2315"]
[WhiteCountry "BIH"]
[BlackCountry "ENG"]
[Result "0-1"]

1. d4 Nf6 2. Nf3 e6 3. Bg5 c5 4. e3 cxd4 5. exd4 Be7 6. c3 d6 7. Bd3 Nbd7 
8. O-O b6 9. Re1 Bb7 10. Qe2 O-O 11. Nbd2 Re8 12. Nf1 Bf8 13. Ng3 Qc7 
14. Qc2 Bxf3 15. gxf3 d5 16. Kg2 Bd6 17. Rg1 Bf4 18. Bxf4 Qxf4 19. Qc1 Qh4 
20. Kh1 Nf8 21. Qd2 Ng6 22. Bxg6 hxg6 23. Nf1 e5 24. Ng3 e4 25. fxe4 Nxe4 
26. Nxe4 Qxe4+ 27. Rg2 Re6 28. Qd1 Rae8 29. f3 Qh4 30. Qd2 Re3 31. Rf1 R8e6 
32. Qf2 Qe7 33. Qg3 Qe8 34. Qg5 Qb5 35. Rff2 Qc4 36. a3 Qb3 37. h3 Re1+ 
38. Rg1 Qb5 39. Rxe1 Rxe1+ 40. Kg2 Qd7 41. Qg3 Qf5 42. Qg4 Qb1 43. Qc8+ Kh7 
44. Qd8 Rg1+ 45. Kh2 Rh1+ 46. Kg3 Qg1+ 47. Rg2 Qe1+ 48. Kf4 Rxh3 49. Qxd5 Rh4+ 
50. Rg4 Qd2+ 
0-1

[Event "34th Chess Olympiad (women)"]
[Site "Istanbul"]
[Date "2000.11.12"]
[Round "14.9.3"]
[White "Houska, Jovanka"]
[Black "Hasurdzic, Mirna"]
[WhiteElo "2279"]
[BlackElo "2000"]
[WhiteCountry "ENG"]
[BlackCountry "BIH"]
[Result "1-0"]

1. e4 c6 2. d4 d5 3. e5 Bf5 4. Nf3 e6 5. Be2 Ne7 6. O-O h6 7. b3 c5 8. Be3 cxd4 
9. Nxd4 Nbc6 10. f4 Nxd4 11. Bxd4 Nc6 12. Bf2 a6 13. Nd2 Bb4 14. Nf3 Bc3 
15. Rc1 Nb4 16. a3 Na2 17. Ra1 Bxa1 18. Qxa1 Nb4 19. axb4 Bxc2 20. Bc5 Bxb3 
21. f5 b5 22. fxe6 fxe6 23. Nd4 
1-0

[Event "34th Chess Olympiad (women)"]
[Site "Istanbul"]
[Date "2000.11.12"]
[Round "14.10.2"]
[White "Khamrakulova, Iroda"]
[Black "Sheremetieva, Marina"]
[WhiteElo "2177"]
[BlackElo "2340"]
[WhiteCountry "UZB"]
[BlackCountry "MDA"]
[Result "1/2-1/2"]

1. e4 d6 2. d4 Nf6 3. Nc3 Nbd7 4. Be3 e5 5. Nf3 c6 6. a4 Qa5 7. Bd3 Ng4 
8. O-O Nxe3 9. fxe3 Nf6 10. Qd2 Be7 11. Rab1 Qc7 12. b4 O-O 13. Ne2 d5 
14. dxe5 Nxe4 15. Qe1 a5 16. b5 Bg4 17. Ned4 c5 18. b6 Qd8 19. Nb5 Qxb6 
20. Bxe4 dxe4 21. Nd2 Qg6 22. Nc3 b6 23. Ndxe4 Rab8 24. Qf2 Qe6 25. Qf4 Bh5 
26. Rb2 c4 27. Rfb1 Bb4 28. Na2 Ba3 29. Rb5 Bg6 30. Nac3 Rfd8 31. Ng5 Qc6 
32. e4 h6 33. Nf3 Bc5+ 34. Kh1 Qd7 35. h3 Rf8 36. Nd5 Qe6 37. Nd2 c3 
38. Nxc3 f6 39. exf6 Rbe8 40. Qg3 Qxf6 41. Nd5 Qc6 42. Nxb6 Bxe4 43. Nxe4 Rxe4 
44. Qb3+ Kh8 45. Qd5 Qxd5 46. Nxd5 Bd6 47. Rb6 Rd8 48. Nc3 Rc4 49. Rd1 Bc7 
50. Rxd8+ Bxd8 51. Rb8 Rd4 52. Nb5 Rd2 53. Kh2 Kh7 54. Kg3 Bf6 55. Ra8 Rxc2 
56. Rxa5 h5 57. Ra6 Rb2 58. Kf3 h4 59. Re6 Rb3+ 60. Re3 Rb4 61. Re4 Rb3+ 
62. Kf4 Rb2 63. Kf3 Rb3+ 64. Re3 Rb4 65. Re4 
1/2-1/2

[Event "34th Chess Olympiad (women)"]
[Site "Istanbul"]
[Date "2000.11.12"]
[Round "14.11.1"]
[White "Hoang, Thanh"]
[Black "Reizniece, Dana"]
[WhiteElo "2489"]
[BlackElo "2275"]
[WhiteCountry "VIE"]
[BlackCountry "LAT"]
[Result "1-0"]

1. d4 Nf6 2. c4 g6 3. Nc3 Bg7 4. Nf3 O-O 5. g3 d6 6. Bg2 Nc6 7. d5 Na5 8. b3 c5 
9. Bb2 a6 10. O-O Rb8 11. Nd2 b5 12. Qc2 e5 13. Rae1 Nd7 14. e4 bxc4 
15. bxc4 Nb6 16. Nd1 Qe8 17. Ne3 Qa4 18. Qc3 Nd7 19. Ba3 f5 20. Bf3 Nb3 
21. axb3 
1-0

[Event "34th Chess Olympiad (women)"]
[Site "Istanbul"]
[Date "2000.11.12"]
[Round "14.11.3"]
[White "Nguyen, Thi"]
[Black "Berzina, Ilze"]
[WhiteElo "2281"]
[BlackElo "2194"]
[WhiteCountry "VIE"]
[BlackCountry "LAT"]
[Result "0-1"]

1. d4 d5 2. c4 e6 3. Nc3 Bb4 4. Nf3 Ne7 5. e3 c5 6. Bd2 cxd4 7. Qa4+ Nbc6 
8. Nxd4 O-O 9. a3 Bxc3 10. Bxc3 Nxd4 11. Bxd4 dxc4 12. Bxc4 Bd7 13. Qb3 Nc6 
14. Rd1 Na5 15. Qb4 Nxc4 16. Qxc4 Qg5 17. h4 Qxg2 18. Qf1 Qxf1+ 19. Rxf1 Bc6 
20. Rg1 f6 21. f4 Kf7 22. Bc5 Rfe8 23. Kf2 e5 24. Bd6 exf4 25. Bxf4 Rad8 
26. Bc7 Rc8 27. Bf4 Ba4 28. Rc1 Red8 29. e4 Bc6 30. Rc4 b5 31. Rc5 Bxe4 
32. Rxb5 Rc2+ 33. Ke3 f5 34. Rb3 Rdd2 35. Bb8 Rxb2 36. Rxb2 Rxb2 37. Bxa7 Rb3+ 
38. Ke2 Rxa3 39. Bd4 g6 40. h5 Bf3+ 41. Kd2 Bxh5 42. Rc1 Ke6 43. Rc7 Kd5 
44. Bc3 Ke4 45. Re7+ Kf3 46. Rxh7 f4 47. Rb7 Kg2 48. Rb2 f3 49. Ke1+ Kh3 
50. Bf6 Ra6 51. Bd8 Rd6 52. Bc7 Rc6 53. Bd8 Kg3 54. Bb6 Rc1+ 55. Kd2 Rd1+ 
56. Ke3 Re1+ 57. Kd3 Rd1+ 58. Ke3 Rd7 59. Bd4 Rxd4 60. Kxd4 f2 61. Rb3+ Kg2 
0-1

[Event "34th Chess Olympiad (women)"]
[Site "Istanbul"]
[Date "2000.11.12"]
[Round "14.12.1"]
[White "Cmilyte, Viktorija"]
[Black "Vijayalakshmi, Subbaraman"]
[WhiteElo "2335"]
[BlackElo "2378"]
[WhiteCountry "LTU"]
[BlackCountry "IND"]
[Result "1/2-1/2"]

1. d4 Nf6 2. c4 g6 3. Nc3 Bg7 4. e4 d6 5. f3 O-O 6. Nge2 Nbd7 7. Bg5 e5 
8. d5 h6 9. Be3 Nb6 10. Ng3 c6 11. Qd2 Kh7 12. dxc6 bxc6 13. Rd1 Be6 14. Qd3 d5 
15. Qxd5 Qd7 16. Qd6 Qxd6 17. Rxd6 Rfc8 18. c5 Nbd7 19. Ba6 Rc7 20. b4 Bf8 
21. Rd1 Nb8 22. Bd3 a5 23. a3 Na6 24. Rb1 Rb7 25. Bxa6 Rxa6 26. Kd2 Ra8 
27. Rb2 Ne8 28. Rhb1 axb4 29. axb4 Nc7 30. Kc2 Bc4 31. Nge2 Rab8 32. Nc1 Bf1 
33. Nb3 Bxg2 34. Na5 Nb5 35. Nxb7 Rxb7 36. Nxb5 cxb5 37. Kd3 Bxf3 38. c6 Rc7 
39. Rf1 Bg4 40. Bb6 Rxc6 41. Rxf7+ Kg8 42. Rb7 Be6 43. Ke3 Rc3+ 44. Kf2 Bc8 
45. Rc7 Rxc7 46. Bxc7 Bg7 47. Rd2 Be6 48. Rc2 Bd7 49. Rc5 Bf8 50. Rxe5 Bxb4 
51. Rd5 Bc6 52. Rd8+ Kf7 53. Ke3 Be7 54. Rb8 Bc5+ 55. Kd3 h5 56. Bf4 Bd7 
57. Rb7 Ke6 58. Be3 Be7 59. Rb6+ Kf7 60. Kd4 h4 61. Kd5 g5 62. Rb7 Ke8 
63. e5 Bh3 64. Rxb5 Bg2+ 65. Kd4 g4 66. Bf4 h3 67. Rb6 Kf7 68. Bg3 Bd8 
69. e6+ Kg7 70. Be5+ Kg6 71. Rb8 Bh4 72. Rh8 Be7 73. Re8 Bh4 74. Rf8 Be7 
75. Rf7 Ba3 76. Rg7+ Kf5 77. e7 Bc6 78. Rf7+ Kg5 79. Kc4 Ba4 80. Bc3 Bd6 
81. Rg7+ Kf5 82. Bd2 g3 83. hxg3 h2 84. Rh7 Bxg3 85. Kd5 Kg6 86. Rh3 Kf7 
87. Rh7+ Kg6 88. Rh3 Kf5 89. Bb4 Kg4 90. Rxh2 Bxh2 91. Ke6 Be8 92. Kf6 Bf4 
93. Kg7 Bh5 94. Kf6 Bg5+ 95. Ke6 Be8 96. Ba3 Kh5 97. Bb4 Kg6 98. Ba3 Ba4 
99. Bb4 Bb3+ 100. Kd7 Ba4+ 101. Ke6 
1/2-1/2

[Event "34th Chess Olympiad (women)"]
[Site "Istanbul"]
[Date "2000.11.12"]
[Round "14.12.3"]
[White "Domarkaite, Laima"]
[Black "Dhar-Barua, Saheli"]
[WhiteElo "2187"]
[BlackElo "2212"]
[WhiteCountry "LTU"]
[BlackCountry "IND"]
[Result "0-1"]

1. e4 e6 2. d4 d5 3. Nd2 Nf6 4. e5 Nfd7 5. c3 c5 6. Bd3 Nc6 7. Ne2 cxd4 
8. cxd4 f6 9. exf6 Nxf6 10. Nf3 Bd6 11. O-O Qc7 12. g3 O-O 13. Bf4 e5 
14. dxe5 Nxe5 15. Nxe5 Bxe5 16. Rc1 Qd6 17. Bxe5 Qxe5 18. Nf4 Kh8 19. Re1 Qd6 
20. h4 Bd7 21. Bf1 Qb6 22. Qb3 Qa5 23. Bg2 Rae8 24. Rxe8 Rxe8 25. Qc3 Qxa2 
26. h5 h6 27. Rd1 Bc6 28. Bf3 Ne4 29. Qd4 Qb3 30. Kg2 Qc4 31. Qxa7 Ng5 
32. Qd4 Nxf3 33. Kxf3 Re4 34. Qxc4 dxc4 35. Rd8+ Re8+ 36. Rd5 Kg8 37. Kg4 Bxd5 
38. Nxd5 Re2 
0-1

[Event "34th Chess Olympiad (women)"]
[Site "Istanbul"]
[Date "2000.11.12"]
[Round "14.13.1"]
[White "Agrest, Svetlana"]
[Black "Radziewicz, Iweta"]
[WhiteElo "2210"]
[BlackElo "2379"]
[WhiteCountry "SWE"]
[BlackCountry "POL"]
[Result "1/2-1/2"]

1. e4 c5 2. Nf3 e6 3. d3 Nc6 4. g3 Nge7 5. Bg2 g6 6. O-O Bg7 7. Re1 O-O 
8. h4 e5 9. Nc3 d6 10. Bg5 h6 11. Be3 f5 12. Qd2 Kh7 13. Nh2 Nd4 14. Ne2 d5 
15. f4 Nxe2+ 16. Qxe2 exf4 17. Bxf4 fxe4 18. dxe4 d4 19. Qc4 Qb6 20. Qb3 Be6 
21. Qxb6 axb6 22. Bc7 Rfc8 23. Bd6 Nc6 24. e5 Re8 25. Be4 Bf5 26. Nf3 Nb4 
27. Nxd4 Bxe4 28. Rxe4 Bxe5 29. Rxe5 Rxe5 30. Bxe5 cxd4 31. c3 dxc3 
32. Bxc3 Nxa2 33. Bd4 Ra4 34. Rd1 b5 35. Be5 Re4 36. Rd7+ Kg8 37. Bf4 Re2 
38. Bd2 h5 39. Kf1 Rh2 40. Kg1 Re2 41. Kf1 Rh2 42. Kg1 Re2 
1/2-1/2

[Event "34th Chess Olympiad (women)"]
[Site "Istanbul"]
[Date "2000.11.12"]
[Round "14.13.3"]
[White "Johansson, Victoria"]
[Black "Zielinska, Marta"]
[WhiteElo "2152"]
[BlackElo "2376"]
[WhiteCountry "SWE"]
[BlackCountry "POL"]
[Result "0-1"]

1. d4 g6 2. c4 Bg7 3. Nc3 c5 4. d5 d6 5. e4 e6 6. Be2 exd5 7. cxd5 Ne7 8. f4 a6 
9. a4 O-O 10. Nf3 Bg4 11. O-O Re8 12. h3 Bxf3 13. Bxf3 Nd7 14. Qc2 Rb8 
15. b3 b5 16. axb5 axb5 17. Bb2 Qb6 18. Kh2 Nc8 19. Ne2 Bxb2 20. Qxb2 Qd8 
21. Ra6 b4 22. Ng3 Ncb6 23. Be2 h5 24. Bxh5 Qh4 25. Be2 c4 26. bxc4 Nc5 
27. Ra7 Nba4 28. Qd4 Nc3 29. Bd3 Re7 30. Rxe7 Qxe7 31. f5 Qe5 32. Qe3 b3 
33. f6 Nd7 34. Rf5 gxf5 35. Qg5+ Kf8 36. Kh1 Qxf6 37. Qh5 b2 38. Nxf5 b1=Q+ 
0-1